[Event "Croatia int."]
[Site "Mississauga CAN"]
[Date "1989.??.??"]
[Round "10"]
[White "Hebert, Jean"]
[Black "Kovacevic, Vlatko"]
[Result "1/2-1/2"]
[WhiteElo "2420"]
[BlackElo "2545"]
[PlyCount "43"]
[GameId "2160767912519721"]
[EventDate "1989.03.??"]
[EventType "tourn"]
[EventRounds "11"]
[EventCountry "CAN"]
[EventCategory "8"]
[SourceTitle "EXT 89"]

1. d4 Nf6 2. Nf3 d5 3. c4 e6 4. Nc3 Bb4 5. cxd5 exd5 6. Bg5 h6 7. Bxf6 Qxf6 8. e3 O-O 9. Qb3 Qb6 10. Bd3 c6 11. O-O Nd7 12. a3 Bd6 13. Qc2 Nf6 14. b4 a6 15. h3 Re8 16. Rab1 Re7 17. Rfc1 Bd7 18. Na4 Qc7 19. Nc5 Rae8 20. a4 Ne4 21. Nxd7 Qxd7 22. b5 1/2-1/2

[Event "Croatia int."]
[Site "Mississauga CAN"]
[Date "1989.??.??"]
[Round "11"]
[White "Stone, Raymond"]
[Black "Hebert, Jean"]
[Result "0-1"]
[WhiteElo "2345"]
[BlackElo "2420"]
[PlyCount "64"]
[GameId "2160767912519726"]
[EventDate "1989.03.??"]
[EventType "tourn"]
[EventRounds "11"]
[EventCountry "CAN"]
[EventCategory "8"]
[SourceTitle "EXT 89"]

1. d4 Nf6 2. c4 e6 3. Nf3 b6 4. Nc3 Bb4 5. Bg5 h6 6. Bh4 Bb7 7. e3 Bxc3+ 8. bxc3 d6 9. Nd2 g5 10. Bg3 Nbd7 11. f3 Qe7 12. Qa4 Kf8 13. e4 Nh5 14. Bf2 c5 15. O-O-O Kg7 16. d5 Ne5 17. g3 f5 18. Be2 f4 19. Rdg1 Ng6 20. Bf1 Bc8 21. gxf4 Nhxf4 22. h4 Bd7 23. Qa6 e5 24. Be3 Bc8 25. Qa4 a6 26. Nb3 Bd7 27. Qa3 Rhf8 28. hxg5 h5 29. Kd2 h4 30. Nc1 Nh5 31. Be2 Ng3 32. Rh2 b5 0-1

[Event "Toronto"]
[Site "Toronto CAN"]
[Date "1989.??.??"]
[Round "2"]
[White "Day, Lawrence"]
[Black "Hebert, Jean"]
[Result "1/2-1/2"]
[WhiteElo "2380"]
[BlackElo "2420"]
[PlyCount "115"]
[GameId "2160767912519732"]
[EventDate "1989.03.??"]
[EventType "tourn"]
[EventRounds "11"]
[EventCountry "CAN"]
[EventCategory "8"]
[SourceTitle "EXT 1997"]
[Source "ChessBase"]
[SourceDate "1996.11.15"]
[SourceVersion "1"]
[SourceVersionDate "1996.11.15"]
[SourceQuality "1"]

1. e4 e6 2. Qe2 e5 3. Nc3 Nc6 4. Nd5 Nd4 5. Qd3 c6 6. Ne3 Nf6 7. Nf3 Nxf3+ 8. gxf3 d6 9. b3 Nh5 10. Bb2 g6 11. O-O-O Nf4 12. Qc3 Bg7 13. Ng2 Ne6 14. Bc4 Nd4 15. Qe3 b5 16. Bf1 Qf6 17. Ne1 a5 18. c3 Ne6 19. d4 exd4 20. cxd4 a4 21. e5 dxe5 22. dxe5 Qe7 23. Nc2 axb3 24. axb3 O-O 25. Kb1 Nc7 26. Rd6 Bf5 27. Bd3 Bxd3 28. Rxd3 Nd5 29. Qd4 Rfe8 30. Re1 b4 31. Re4 Reb8 32. h4 h5 33. f4 Nc3+ 34. Bxc3 bxc3 35. Qxc3 Qxh4 36. Qe1 Qg4 37. Rc4 c5 38. Kb2 f6 39. Ne3 Qc8 40. Qc3 fxe5 41. fxe5 Qa6 42. Nc2 Qa2+ 43. Kc1 Rf8 44. f4 g5 45. fxg5 Rf1+ 46. Rd1 Rxd1+ 47. Kxd1 Qb1+ 48. Ke2 Qg1 49. Rxc5 Qg2+ 50. Kd1 Qg1+ 51. Ke2 Qg2+ 52. Kd1 Rd8+ 53. Kc1 Qxg5+ 54. Qe3 Qxe3+ 55. Nxe3 Bh6 56. Rc3 Re8 57. Kd1 Rxe5 58. Ke2 1/2-1/2

[Event "Toronto"]
[Site "Toronto CAN"]
[Date "1989.??.??"]
[Round "7"]
[White "Findlay, Ian"]
[Black "Hebert, Jean"]
[Result "1/2-1/2"]
[WhiteElo "2340"]
[BlackElo "2420"]
[PlyCount "90"]
[GameId "2160767912519746"]
[EventDate "1989.03.??"]
[EventType "tourn"]
[EventRounds "11"]
[EventCountry "CAN"]
[EventCategory "8"]
[SourceTitle "EXT 1997"]
[Source "ChessBase"]
[SourceDate "1996.11.15"]
[SourceVersion "1"]
[SourceVersionDate "1996.11.15"]
[SourceQuality "1"]

1. e4 g6 2. d4 Bg7 3. Nc3 c6 4. Nf3 b5 5. Bd3 d6 6. h3 Nd7 7. O-O Bb7 8. Re1 e5 9. dxe5 dxe5 10. Be3 Ngf6 11. a4 a6 12. Nd2 O-O 13. Nb3 Qc7 14. Qf3 Nh5 15. Nc5 Nxc5 16. Bxc5 Rfe8 17. Red1 Nf4 18. Qe3 Ne6 19. Bb6 Qe7 20. Ne2 Rec8 21. c3 Qe8 22. b4 Bf8 23. Qg3 f6 24. Qh4 Kg7 25. Be3 Rc7 26. f4 exf4 27. Nxf4 Rf7 28. Bc2 Nxf4 29. Qxf4 Bc8 30. axb5 cxb5 31. Bb3 Be6 32. Bd5 Bxd5 33. Rxd5 Qe6 34. Rxb5 Qc4 35. Rd5 Qxc3 36. Bd4 Qxb4 37. e5 Qb7 38. exf6+ Kg8 39. Qf3 Bg7 40. Rd6 Qxf3 41. gxf3 Bf8 42. Rdxa6 Rxa6 43. Rxa6 Rd7 44. Be5 Kf7 45. Kg2 Rb7 1/2-1/2

[Event "Toronto"]
[Site "Toronto CAN"]
[Date "1989.??.??"]
[Round "8"]
[White "Hebert, Jean"]
[Black "Wolff, Patrick"]
[Result "0-1"]
[WhiteElo "2420"]
[BlackElo "2485"]
[PlyCount "80"]
[GameId "2160767912519749"]
[EventDate "1989.03.??"]
[EventType "tourn"]
[EventRounds "11"]
[EventCountry "CAN"]
[EventCategory "8"]
[SourceTitle "EXT 1997"]
[Source "ChessBase"]
[SourceDate "1996.11.15"]
[SourceVersion "1"]
[SourceVersionDate "1996.11.15"]
[SourceQuality "1"]

1. Nf3 g6 2. d4 Nf6 3. c4 d6 4. Nc3 Bf5 5. g3 Bg7 6. Bg2 Ne4 7. Na4 Nc6 8. Be3 Bd7 9. d5 Na5 10. Bd4 Nf6 11. c5 O-O 12. cxd6 cxd6 13. Nc3 b5 14. a3 Qb8 15. b4 Nc4 16. O-O a5 17. h3 axb4 18. axb4 Nb2 19. Qb3 Rxa1 20. Rxa1 Na4 21. Nxa4 bxa4 22. Qb2 Rc8 23. Nd2 Qb5 24. e3 Qd3 25. Ra3 Qc2 26. Ra2 Qxb2 27. Rxb2 Rc1+ 28. Kh2 Bb5 29. Nb1 Nd7 30. Bxg7 Kxg7 31. Be4 Bc4 32. Na3 Nb6 33. b5 Bb3 34. Bg2 Rc5 35. e4 Nc4 36. Nxc4 Rxc4 37. f3 Rb4 38. Bf1 Kf6 39. f4 Rxe4 40. Kg1 Rb4 0-1

[Event "Specialiste Automne"]
[Site "Montreal CAN"]
[Date "1988.10.08"]
[Round "1"]
[White "Hebert, Jean"]
[Black "Morin, Louis"]
[Result "1-0"]
[WhiteElo "2400"]
[BlackElo "1950"]
[PlyCount "89"]
[GameId "2160767912520269"]
[EventDate "1988.10.08"]
[EventType "swiss"]
[EventRounds "4"]
[EventCountry "CAN"]
[SourceTitle "hb 2013"]

1. e4 e5 2. Nf3 d6 3. d4 Nf6 4. Nc3 Nbd7 5. Bc4 Be7 6. O-O O-O 7. h3 c6 8. a4 Nxe4 9. Nxe4 d5 10. Nxe5 Nxe5 11. dxe5 dxe4 12. Qe2 Bf5 13. Bf4 Bc5 14. a5 a6 15. c3 Qe7 16. Bb3 Rae8 17. Rad1 Ba7 18. Qh5 Be6 19. Bc2 Bd5 20. Qe2 Qe6 21. Bxe4 Bxe4 22. Qxe4 f6 23. Rd2 Bb8 24. Re1 Bxe5 25. Bxe5 Qxe5 26. Qc4+ Qd5 27. Rxd5 Rxe1+ 28. Kh2 cxd5 29. Qxd5+ Rf7 30. Qd8+ Rf8 31. Qc7 Rfe8 32. Qxb7 R1e6 33. b4 Kf8 34. Qd5 Ke7 35. Qc5+ Kf7 36. c4 Re5 37. Qa7+ R8e7 38. Qxa6 R7e6 39. Qb7+ Re7 40. Qc6 R7e6 41. Qd7+ Re7 42. Qd3 Re2 43. a6 Rxf2 44. b5 Ree2 45. Qd5+ 1-0

[Event "Specialiste Automne"]
[Site "Montreal CAN"]
[Date "1988.10.08"]
[Round "2"]
[White "Lacroix, Serge"]
[Black "Hebert, Jean"]
[Result "0-1"]
[WhiteElo "2000"]
[BlackElo "2400"]
[PlyCount "64"]
[GameId "2160767912520272"]
[EventDate "1988.10.08"]
[EventType "swiss"]
[EventRounds "4"]
[EventCountry "CAN"]
[SourceTitle "Lacroix"]

1. d4 Nf6 2. c4 e6 3. Nc3 Bb4 4. e3 Bxc3+ 5. bxc3 c5 6. Nf3 Nc6 7. Bd3 d6 8. Nd2 e5 9. Nb3 b6 10. O-O O-O 11. f4 exd4 12. cxd4 Re8 13. d5 Nb4 14. Bb1 b5 15. a3 bxc4 16. axb4 cxb3 17. bxc5 dxc5 18. Qxb3 Qxd5 19. Qxd5 Nxd5 20. Ra5 Nxe3 21. Re1 Bf5 22. Ba2 Ng4 23. Rxe8+ Rxe8 24. Bd2 Re2 25. Rxa7 Be4 26. Rd7 Rxg2+ 27. Kf1 Nxh2+ 28. Ke1 Nf3+ 29. Kf1 Nxd2+ 30. Ke1 Nf3+ 31. Kf1 Rd2 32. Bd5 Bd3# 0-1

[Event "Specialiste semi-rapide"]
[Site "Montreal CAN"]
[Date "1988.07.16"]
[Round "5"]
[White "Hebert, Jean"]
[Black "Desforges, Jean"]
[Result "1-0"]
[WhiteElo "2391"]
[BlackElo "2075"]
[PlyCount "71"]
[GameId "2160767912520565"]
[EventDate "1988.07.16"]
[EventType "swiss (rapid)"]
[EventRounds "5"]
[EventCountry "CAN"]
[SourceTitle "Echec+ 1994.03"]

1. Nf3 Nf6 2. c4 e6 3. g3 b6 4. Bg2 Bb7 5. O-O Be7 6. b3 O-O 7. Bb2 d5 8. e3 c5 9. Qe2 dxc4 10. bxc4 Nc6 11. Nc3 Qd7 12. Rfd1 Rfd8 13. d4 cxd4 14. exd4 Rac8 15. Bh3 Na5 16. Ne5 Qe8 17. Rac1 Nxc4 18. Nxc4 Qc6 19. d5 Qxc4 20. Qxc4 Rxc4 21. dxe6 Rcd4 22. Rxd4 Rxd4 23. Nb5 Rb4 24. Ba3 Rxb5 25. Bxe7 Nd5 26. Bd6 fxe6 27. Bxe6+ Kh8 28. a4 Nc3 29. axb5 Ne2+ 30. Kf1 Nxc1 31. Bc4 Be4 32. Bb8 Bd3+ 33. Bxd3 Nxd3 34. Bxa7 Nc5 35. Bxb6 Nb7 36. Bc7 1-0

[Event "La Baie"]
[Site "La Baie CAN"]
[Date "1988.??.??"]
[Round "?"]
[White "Leveille, Francois"]
[Black "Hebert, Jean"]
[Result "0-1"]
[WhiteElo "2415"]
[BlackElo "2500"]
[PlyCount "60"]
[GameId "2160767912520610"]
[EventDate "1988.07.01"]
[EventType "swiss"]
[EventRounds "5"]
[EventCountry "CAN"]

1. e4 c5 2. Nf3 e6 3. d4 cxd4 4. Nxd4 a6 5. Bd3 Nf6 6. c4 Nc6 7. Nxc6 dxc6 8. O-O e5 9. Qc2 Bc5 10. Nc3 Be6 11. Na4 Bd4 12. c5 Qe7 13. Bd2 O-O 14. Bg5 h6 15. Bh4 g5 16. Bg3 Rad8 17. Rfd1 Nh5 18. Rac1 Nf4 19. Bc4 Ng6 20. b3 h5 21. h3 h4 22. Bh2 Kg7 23. Rd2 g4 24. Bxe6 fxe6 25. hxg4 Qg5 26. Rf1 h3 27. gxh3 Rf3 28. Kh1 Qh4 29. Nb2 Qxh3 30. Rg1 Nf4 0-1

[Event "Lac St-Jean"]
[Site "La Baie CAN"]
[Date "1988.07.03"]
[Round "5"]
[White "Berube, Richard"]
[Black "Hebert, Jean"]
[Result "1/2-1/2"]
[WhiteElo "2214"]
[BlackElo "2373"]
[PlyCount "48"]
[GameId "2160767912520620"]
[EventDate "1988.07.01"]
[EventType "swiss"]
[EventRounds "5"]
[EventCountry "CAN"]
[SourceTitle "hb 2012"]

1. e4 c5 2. Nf3 e6 3. d4 cxd4 4. Nxd4 a6 5. Bd3 Nf6 6. O-O d6 7. Qe2 e5 8. Nf3 Nc6 9. c4 Be7 10. h3 h6 11. Nc3 g5 12. Nd5 g4 13. hxg4 Bxg4 14. Be3 Nd7 15. b4 Nd4 16. Bxd4 exd4 17. e5 Nxe5 18. Be4 Rg8 19. Nf4 Bg5 20. Nd3 Qe7 21. Rfe1 Qf8 22. Ndxe5 dxe5 23. Bd5 Bf4 24. Qe4 Bxf3 1/2-1/2

[Event "Quebec-ch"]
[Site "Montreal CAN"]
[Date "1988.06.09"]
[Round "1"]
[White "Morin, Yves"]
[Black "Hebert, Jean"]
[Result "0-1"]
[WhiteElo "2210"]
[BlackElo "2400"]
[PlyCount "66"]
[GameId "2160767912586193"]
[EventDate "1988.06.09"]
[EventType "tourn"]
[EventRounds "11"]
[EventCountry "CAN"]
[EventCategory "1"]
[SourceTitle "EXT 88b"]

1. e4 c5 2. Nf3 e6 3. d4 cxd4 4. Nxd4 a6 5. Nc3 Qc7 6. Be2 b5 7. O-O Bb7 8. Bf3 d6 9. Re1 Nd7 10. g3 Ngf6 11. Bg2 Be7 12. a3 O-O 13. g4 g6 14. g5 Nh5 15. f4 Rfe8 16. f5 exf5 17. Nxf5 Bf8 18. Nh6+ Bxh6 19. gxh6 Ne5 20. Rf1 Qb6+ 21. Kh1 Rac8 22. Bg5 Rc4 23. Qd2 Re6 24. Rac1 Qc7 25. Nd5 Bxd5 26. Qxd5 Re8 27. c3 Rc5 28. Qd4 Nc4 29. Bf4 Ne5 30. Bg5 Nc6 31. Qd2 Na5 32. Bf4 Nb3 33. Qxd6 Nxf4 0-1

[Event "Quebec-ch"]
[Site "Montreal CAN"]
[Date "1988.06.10"]
[Round "2"]
[White "Hebert, Jean"]
[Black "Roy, Alain"]
[Result "1-0"]
[WhiteElo "2400"]
[BlackElo "2129"]
[PlyCount "71"]
[GameId "2160767912586198"]
[EventDate "1988.06.09"]
[EventType "tourn"]
[EventRounds "11"]
[EventCountry "CAN"]
[EventCategory "1"]
[SourceTitle "EXT 88b"]

1. e4 d6 2. d4 Nf6 3. Nc3 g6 4. Be3 Bg7 5. Qd2 O-O 6. O-O-O c6 7. f3 b5 8. h4 Qa5 9. Kb1 b4 10. Nce2 Nbd7 11. Bh6 e5 12. h5 Nb6 13. Bxg7 Kxg7 14. hxg6 fxg6 15. dxe5 Qxe5 16. Nd4 Bd7 17. Nb3 c5 18. Na5 Be6 19. Nc6 Qg3 20. Ne2 Qf2 21. Qxd6 Rae8 22. Qg3 Qxg3 23. Nxg3 Rc8 24. Rd6 Bg8 25. Ba6 Rc7 26. Na5 c4 27. Rc6 Rxc6 28. Nxc6 Nfd7 29. Nxb4 Nc5 30. Rd1 Nba4 31. Rd6 Rb8 32. a3 Kf8 33. Ne2 Ke7 34. e5 Rb6 35. Rxb6 Nxb6 36. Nd4 1-0

[Event "Quebec-ch"]
[Site "Montreal CAN"]
[Date "1988.06.11"]
[Round "3"]
[White "Dupuis, Stephane"]
[Black "Hebert, Jean"]
[Result "0-1"]
[WhiteElo "2230"]
[BlackElo "2400"]
[PlyCount "77"]
[GameId "2160767912586202"]
[EventDate "1988.06.09"]
[EventType "tourn"]
[EventRounds "11"]
[EventCountry "CAN"]
[EventCategory "1"]
[SourceTitle "EXT 88b"]

1. e4 c5 2. Nf3 e6 3. d4 cxd4 4. Nxd4 a6 5. Bd3 Nc6 6. Nxc6 bxc6 7. O-O d5 8. c4 Nf6 9. cxd5 cxd5 10. exd5 Nxd5 11. Qa4+ Bd7 12. Qd4 Qf6 13. Qxf6 Nxf6 14. Nc3 Bc6 15. Bf4 Bb4 16. Rac1 Ke7 17. a3 Bd6 18. Bxd6+ Kxd6 19. Rfd1 Bd5 20. Kf1 Rhc8 21. Na4 a5 22. Rc3 Rab8 23. Rd2 h6 24. Ke2 Ke5 25. f3 g5 26. Rdc2 Rxc3 27. Rxc3 Kd6 28. Bc4 Bc6 29. Rb3 Rg8 30. Rd3+ Ke5 31. Nc5 g4 32. Kf2 gxf3 33. gxf3 a4 34. Rd2 Kf5 35. Rd6 Rc8 36. b4 Bxf3 37. Nxe6 Ne4+ 38. Kxf3 Nxd6 39. Nd4+ 0-1

[Event "Quebec-ch"]
[Site "Montreal CAN"]
[Date "1988.06.12"]
[Round "4"]
[White "Hebert, Jean"]
[Black "Auger, Bertrand"]
[Result "1-0"]
[WhiteElo "2400"]
[BlackElo "1969"]
[PlyCount "37"]
[GameId "2160767912586209"]
[EventDate "1988.06.09"]
[EventType "tourn"]
[EventRounds "11"]
[EventCountry "CAN"]
[EventCategory "1"]
[SourceTitle "EXT 88b"]

1. Nf3 d5 2. c4 c6 3. d4 Nf6 4. Nc3 dxc4 5. a4 Bf5 6. e3 e6 7. Bxc4 Bb4 8. O-O Nbd7 9. Qb3 Qe7 10. Na2 a5 11. Nxb4 Qxb4 12. Qxb4 axb4 13. Bd2 Nb6 14. Bb3 Nbd5 15. Rfc1 h6 16. Ne5 Ne4 17. Be1 Nef6 18. Nc4 Kd7 19. f3 1-0

[Event "Quebec-ch"]
[Site "Montreal CAN"]
[Date "1988.06.13"]
[Round "5"]
[White "Barbeau, Sylvain"]
[Black "Hebert, Jean"]
[Result "1/2-1/2"]
[WhiteElo "2355"]
[BlackElo "2400"]
[PlyCount "48"]
[GameId "2160767912586214"]
[EventDate "1988.06.09"]
[EventType "tourn"]
[EventRounds "11"]
[EventCountry "CAN"]
[EventCategory "1"]
[SourceTitle "EXT 88b"]

1. d4 Nf6 2. c4 e6 3. Nc3 Bb4 4. e3 O-O 5. Bd3 d5 6. cxd5 exd5 7. Nge2 Re8 8. O-O Nc6 9. f3 Bf8 10. a3 g6 11. Bc2 Bg7 12. b4 a6 13. Re1 Na7 14. Nf4 Nb5 15. Nxb5 axb5 16. Bd2 Qd6 17. a4 bxa4 18. Bxa4 Bd7 19. Bb3 Bb5 20. Qc2 c6 21. Nd3 Nd7 22. Nc5 b6 23. Nxd7 Qxd7 24. Ra2 Ra7 1/2-1/2

[Event "Quebec-ch"]
[Site "Montreal CAN"]
[Date "1988.06.15"]
[Round "6"]
[White "Bolduc, Steve"]
[Black "Hebert, Jean"]
[Result "0-1"]
[WhiteElo "2230"]
[BlackElo "2400"]
[PlyCount "102"]
[GameId "2160767912586219"]
[EventDate "1988.06.09"]
[EventType "tourn"]
[EventRounds "11"]
[EventCountry "CAN"]
[EventCategory "1"]
[SourceTitle "EXT 88b"]

1. e4 c5 2. Nf3 e6 3. d4 cxd4 4. Nxd4 Nc6 5. c4 Nf6 6. f3 Qb6 7. Nb3 a5 8. a4 Bb4+ 9. Nc3 O-O 10. Bg5 d5 11. c5 Qd8 12. Qc2 dxe4 13. Rd1 Qe7 14. Bb5 h6 15. Bxf6 Qxf6 16. O-O Bxc3 17. bxc3 exf3 18. Rxf3 Qe7 19. Rd6 e5 20. Bc4 Qh4 21. Nd2 Be6 22. Bxe6 Qe1+ 23. Nf1 fxe6 24. Qg6 Rxf3 25. gxf3 Qxc3 26. Qxe6+ Kh8 27. Qd5 Rf8 28. Kg2 Qc2+ 29. Qd2 Qf5 30. Qe3 Nd4 31. Nd2 Ne6 32. Ne4 Nf4+ 33. Kh1 Qh3 34. Qf2 Nh5 35. Rd3 Qf5 36. Qe3 Kh7 37. Qd2 Nf4 38. Rd6 Ng6 39. Rd3 Nh4 40. Ng3 Qf4 41. Qxf4 Rxf4 42. Ne4 Nxf3 43. Nd6 Nh4 44. Kg1 Rxa4 45. Nxb7 Rc4 46. Rd6 a4 47. Ra6 Nf5 48. c6 e4 49. Nd8 e3 50. Ne6 Rc1+ 51. Kg2 e2 0-1

[Event "Quebec-ch"]
[Site "Montreal CAN"]
[Date "1988.06.16"]
[Round "7"]
[White "Hebert, Jean"]
[Black "Ivanov, Igor V"]
[Result "0-1"]
[WhiteElo "2400"]
[BlackElo "2505"]
[PlyCount "102"]
[GameId "2160767912586228"]
[EventDate "1988.06.09"]
[EventType "tourn"]
[EventRounds "11"]
[EventCountry "CAN"]
[EventCategory "1"]
[SourceTitle "EXT 88b"]

1. d4 Nf6 2. c4 e6 3. Nc3 Bb4 4. e3 b6 5. Nge2 Ba6 6. a3 Bxc3+ 7. Nxc3 d5 8. b3 O-O 9. Be2 Nc6 10. a4 dxc4 11. bxc4 Na5 12. Nb5 c6 13. Na3 c5 14. Bb2 cxd4 15. exd4 Rc8 16. Rc1 Ne4 17. O-O Qg5 18. f4 Qg6 19. Bd3 Bb7 20. Qe2 Rfd8 21. Rcd1 f5 22. Rf3 Rd7 23. Nc2 Rcd8 24. Ne3 Nb3 25. Bxe4 Bxe4 26. Rg3 Qh6 27. Ng4 Qh4 28. Qe3 fxg4 29. Qxe4 Nc5 30. Qe2 h5 31. a5 Qf6 32. axb6 axb6 33. Qe5 Qxe5 34. fxe5 Na4 35. Ba1 Rc8 36. Rc1 Rdc7 37. c5 bxc5 38. Ra3 Nb6 39. dxc5 Rxc5 40. Rxc5 Rxc5 41. Bd4 Rc1+ 42. Kf2 Nd5 43. Kg3 Rc4 44. Ba7 Kf7 45. Ra6 g5 46. Kf2 Rc2+ 47. Kf1 Nf4 48. Be3 Nxg2 49. Bxg5 Kg6 50. Bf6 Nf4 51. Kg1 Nh3+ 0-1

[Event "Quebec-ch"]
[Site "Montreal CAN"]
[Date "1988.06.19"]
[Round "9"]
[White "Hebert, Jean"]
[Black "Duong, Thanh Nha"]
[Result "1/2-1/2"]
[WhiteElo "2400"]
[BlackElo "2136"]
[PlyCount "103"]
[GameId "2160767912586240"]
[EventDate "1988.06.09"]
[EventType "tourn"]
[EventRounds "11"]
[EventCountry "CAN"]
[EventCategory "1"]
[SourceTitle "EXT 88b"]

1. Nf3 Nf6 2. d4 d5 3. c4 e6 4. Nc3 Be7 5. Bg5 Nbd7 6. e3 O-O 7. Rc1 c6 8. Bd3 dxc4 9. Bxc4 Nd5 10. Bxe7 Qxe7 11. Ne4 N5b6 12. Bb3 e5 13. O-O Kh8 14. dxe5 Nxe5 15. Nxe5 Qxe5 16. Qd6 Qe8 17. Rfd1 Bg4 18. Nf6 Qc8 19. Nxg4 Qxg4 20. Qe7 Rab8 21. Rd2 Qf5 22. Rcd1 h6 23. h4 Kg8 24. e4 Qf4 25. g3 Qf6 26. Qxf6 gxf6 27. Rd6 Kg7 28. a4 a5 29. R1d3 Rbe8 30. Rf3 Rxe4 31. Rdxf6 Nd5 32. Bxd5 cxd5 33. Rb6 Rxa4 34. Rxb7 Rb4 35. Rxb4 axb4 36. Rf4 Rb8 37. b3 f6 38. Rd4 Rb5 39. Kg2 Kf7 40. Kf3 Ke6 41. Kf4 Rb6 42. g4 Rb8 43. h5 Rb6 44. Ke3 Rb7 45. Rf4 Rb8 46. Rd4 Rb7 47. Kf4 Rb6 48. Rd1 Rc6 49. Re1+ Kf7 50. Kf5 Rc3 51. f4 d4 52. Rd1 1/2-1/2

[Event "Quebec-ch"]
[Site "Montreal CAN"]
[Date "1988.06.20"]
[Round "10"]
[White "Leveille, Francois"]
[Black "Hebert, Jean"]
[Result "1/2-1/2"]
[WhiteElo "2230"]
[BlackElo "2400"]
[PlyCount "82"]
[GameId "2160767912586246"]
[EventDate "1988.06.09"]
[EventType "tourn"]
[EventRounds "11"]
[EventCountry "CAN"]
[EventCategory "1"]
[SourceTitle "EXT 88b"]

1. e4 c5 2. Nf3 e6 3. d4 cxd4 4. Nxd4 Nc6 5. Nc3 d6 6. Be3 Nf6 7. Bc4 Qa5 8. O-O Nxd4 9. Bxd4 Bd7 10. f4 Bc6 11. f5 e5 12. Be3 h5 13. Qd3 Be7 14. a3 a6 15. b4 Qc7 16. a4 Rc8 17. Bb3 O-O 18. b5 Bxb5 19. Nxb5 axb5 20. axb5 Ng4 21. Kh1 Qc3 22. Bd2 Qxa1 23. Rxa1 Nf2+ 24. Kg1 Nxd3 25. cxd3 Ra8 26. Rb1 Rfc8 27. Bb4 Bd8 28. Bxd6 Bb6+ 29. Kf1 Bd4 30. Ke2 b6 31. h3 Kh7 32. Bxf7 Rc2+ 33. Kf3 Rd2 34. Bc4 h4 35. Rf1 Ra1 36. Rxa1 Rf2+ 37. Kg4 Rxg2+ 38. Kxh4 Bxa1 39. Kh5 Bd4 40. h4 Rg1 41. Bc7 Rg3 1/2-1/2

[Event "Quebec-ch"]
[Site "Montreal CAN"]
[Date "1988.06.22"]
[Round "11"]
[White "Hebert, Jean"]
[Black "Ibrahim, Anthony"]
[Result "1-0"]
[WhiteElo "2400"]
[BlackElo "2260"]
[PlyCount "53"]
[GameId "2160767912586252"]
[EventDate "1988.06.09"]
[EventType "tourn"]
[EventRounds "11"]
[EventCountry "CAN"]
[EventCategory "1"]
[SourceTitle "EXT 88b"]

1. Nf3 Nf6 2. d4 d5 3. c4 e6 4. Bg5 Be7 5. Nc3 O-O 6. e3 h6 7. Bxf6 Bxf6 8. Qc2 b6 9. cxd5 exd5 10. O-O-O Be6 11. e4 c6 12. Bd3 Qd7 13. Kb1 Rc8 14. h3 a5 15. Qe2 Qb7 16. g4 Na6 17. Rhg1 Nb4 18. g5 hxg5 19. Nxg5 Qe7 20. h4 c5 21. exd5 Bxd5 22. Qh5 g6 23. Qh7+ Kf8 24. Nxd5 Nxd5 25. Rde1 Qc7 26. Bc4 Nf4 27. Bxf7 1-0

[Event "Outremont op"]
[Site "Montreal CAN"]
[Date "1988.03.04"]
[Round "1"]
[White "Clement, Michel"]
[Black "Hebert, Jean"]
[Result "0-1"]
[WhiteElo "1853"]
[BlackElo "2397"]
[PlyCount "92"]
[GameId "2160767912586475"]
[EventDate "1988.03.04"]
[EventType "swiss"]
[EventRounds "5"]
[EventCountry "CAN"]
[SourceTitle "hb 2009.06"]

1. d4 Nf6 2. c4 e6 3. Nc3 Bb4 4. e3 c5 5. Nge2 cxd4 6. exd4 O-O 7. a3 Be7 8. g3 d5 9. c5 b6 10. cxb6 axb6 11. Bg2 Nc6 12. O-O Ba6 13. Re1 Ne8 14. b3 Nd6 15. Bb2 Nf5 16. Bh3 g6 17. Bxf5 gxf5 18. Nf4 Bf6 19. Nce2 Bxe2 20. Rxe2 Ne7 21. Rc2 Qd7 22. Qe2 Rfc8 23. Rac1 Rxc2 24. Rxc2 Rc8 25. Nd3 Rxc2 26. Qxc2 Nc6 27. Ne5 Bxe5 28. dxe5 d4 29. f4 d3 30. Qd2 Na5 31. Qd1 d2 32. Bc3 Nxb3 33. Bb4 Qd5 34. Kf2 h6 35. Ke2 Qe4+ 36. Kf2 Qd3 37. Kg2 Kg7 38. Kf2 Nc5 39. Bxd2 Ne4+ 40. Ke1 Qd4 41. Qc1 Qg1+ 42. Ke2 Qxh2+ 43. Kd3 Nxd2 44. Qxd2 Qxg3+ 45. Kc4 Qxa3 46. Qd8 Qc5+ 0-1

[Event "Saint John op-2"]
[Site "Saint John CAN"]
[Date "1988.??.??"]
[Round "?"]
[White "Adorjan, Andras"]
[Black "Hebert, Jean"]
[Result "1/2-1/2"]
[WhiteElo "2540"]
[BlackElo "2400"]
[PlyCount "82"]
[GameId "2160767912586562"]
[EventDate "1988.02.08"]
[EventType "swiss"]
[EventRounds "9"]
[EventCountry "CAN"]
[SourceTitle "CBM 06"]

1. d4 Nf6 2. Nf3 e6 3. c4 Bb4+ 4. Bd2 c5 5. Bxb4 cxb4 6. g3 b6 7. Bg2 Bb7 8. O-O O-O 9. Re1 d6 10. a3 bxa3 11. Rxa3 Qc7 12. Nbd2 Nc6 13. e4 e5 14. d5 Nb4 15. Nh4 Bc8 16. Rc3 g6 17. Nf1 Qc5 18. h3 Ne8 19. Ne3 Ng7 20. Ng4 f5 21. Nh6+ Kh8 22. Rf3 Bd7 23. Qd2 a5 24. Kh2 Qc8 25. Rc3 f4 26. gxf4 Rxf4 27. Nf3 Nh5 28. Ng5 Kg7 29. Ng4 h6 30. Ne6+ Bxe6 31. dxe6 Qxe6 32. Rd1 Rd8 33. c5 bxc5 34. Rxc5 Nf6 35. Rc7+ Rd7 36. Rxd7+ Qxd7 37. Nxe5 dxe5 38. Qxd7+ Nxd7 39. Rxd7+ Rf7 40. Rxf7+ Kxf7 41. Bf1 Kf6 1/2-1/2

[Event "Saint John op-2"]
[Site "Saint John CAN"]
[Date "1988.??.??"]
[Round "?"]
[White "Dizdar, Goran"]
[Black "Hebert, Jean"]
[Result "0-1"]
[WhiteElo "2490"]
[BlackElo "2400"]
[PlyCount "54"]
[GameId "2160767912586628"]
[EventDate "1988.02.08"]
[EventType "swiss"]
[EventRounds "9"]
[EventCountry "CAN"]
[SourceTitle "CBM 06"]

1. d4 Nf6 2. Nf3 e6 3. e3 c5 4. Bd3 b6 5. O-O Bb7 6. c4 Be7 7. Nc3 a6 8. b3 cxd4 9. exd4 d5 10. Bb2 Ne4 11. Na4 Nd7 12. Qe2 O-O 13. Rad1 Re8 14. Ne5 Nef6 15. f4 g6 16. Nc3 Bf8 17. Nb1 Ne4 18. cxd5 exd5 19. Bxe4 dxe4 20. f5 f6 21. fxg6 hxg6 22. Rxf6 Qxf6 23. Rf1 Qe6 24. Nf7 Re7 25. d5 Qxd5 26. Qg4 Rxf7 27. Qxg6+ Bg7 0-1

[Event "Saint John op-2"]
[Site "Saint John CAN"]
[Date "1988.??.??"]
[Round "?"]
[White "Gligoric, Svetozar"]
[Black "Hebert, Jean"]
[Result "1/2-1/2"]
[WhiteElo "2515"]
[BlackElo "2400"]
[PlyCount "83"]
[GameId "2160767912586697"]
[EventDate "1988.02.08"]
[EventType "swiss"]
[EventRounds "9"]
[EventCountry "CAN"]
[SourceTitle "CBM 06"]

1. d4 Nf6 2. c4 e6 3. Nf3 Bb4+ 4. Bd2 c5 5. Bxb4 cxb4 6. a3 bxa3 7. Rxa3 O-O 8. Nc3 d6 9. e4 Nc6 10. Be2 e5 11. d5 Nb4 12. O-O Bg4 13. Ne1 Bxe2 14. Qxe2 a5 15. Nb5 Qb6 16. Kh1 Rac8 17. Rg3 g6 18. f4 exf4 19. Rxf4 Qd8 20. b3 Qe7 21. Re3 Nd7 22. Nf3 Ne5 23. Nxe5 Qxe5 24. Rf1 Rce8 25. Re1 Re7 26. Qd2 Rfe8 27. Nc3 Qf4 28. g3 Qg4 29. Qg2 Na6 30. Nb5 Qd7 31. Qd2 Nc5 32. Qxa5 Nxe4 33. Kg2 Ng5 34. Rxe7 Rxe7 35. Qa8+ Kg7 36. Qa1+ Kh6 37. Rxe7 Qxe7 38. Qf1 Qe4+ 39. Kg1 Qe3+ 40. Kg2 Qe4+ 41. Kg1 Qe3+ 42. Kg2 1/2-1/2